000 00318nam a2200121Ia 4500
003 GCL
008 140319s9999 xx 000 0 ara d
040 _aGCL /
_cGCL
082 0 4 _aم
_b413.1
_bت ك
245 1 0 _aكتاب كشاف اصطلاحات الفنون
260 _a[S.N] :
_bدار حادر
300 _aمتعدد
999 _c59582
_d59582